MONEY BANKING AND THE FINANCIAL SYSTEM (Record no. 22978)

MARC details
000 -LEADER
fixed length control field 00372nam a2200145Ia 4500
008 - FIXED-LENGTH DATA ELEMENTS--GENERAL INFORMATION
fixed length control field 240624s9999 xx 000 0 und d
041 ## - LANGUAGE CODE
Language code of text/sound track or separate title eng
082 ## - DEWEY DECIMAL CLASSIFICATION NUMBER
Classification number 332.17 HUB
100 ## - MAIN ENTRY--PERSONAL NAME
Personal name HUBBARD R GLENN
245 ## - TITLE STATEMENT
Title MONEY BANKING AND THE FINANCIAL SYSTEM
250 ## - EDITION STATEMENT
Edition statement (2nd ed.)
260 ## - PUBLICATION, DISTRIBUTION, ETC.
Date of publication, distribution, etc. 2014
Place of publication, distribution, etc. New York
Name of publisher, distributor, etc. Pearson
300 ## - PHYSICAL DESCRIPTION
Extent xxx, : 622 : p. : cm. ; 26
365 ## - TRADE PRICE
Currency code
Price amount 30
Holdings
Withdrawn status Lost status Damaged status Not for loan Home library Current library Shelving location Date acquired Source of acquisition Cost, normal purchase price Full call number Barcode Date last seen Copy number Price effective from Koha item type
        IMTN IMTN Rack 7-B 09/24/2014 IBH 216.40 332.17 HUB 22978 06/24/2024 64.2 06/24/2024 Books
Designed & Maintained by: LRC IMT Nagpur Contact: lrc@imtnag.ac.in© 2024. All Rights Reserved.